Le bon prénom (click quiz) - Statistiques

Statistiques générales
  • Ce quiz a été pris 109 fois
  • Le résultat moyen est 6 sur 8
Statistiques - réponses
Hint Réponse % Correct
Middleton SKATE
87%
Zola EMULE
81%
Brogniart PENIS
75%
Cyrus SMILEY
75%
Boli ASILE
69%
Semoun RELIE
68%
Hallyday AVIDE
65%
Levine EDAM
59%
Aucun quiz correspondant
Distribution des résultats
% des personnes avec chaque résultat
Percentile par nombre de réponses
Votre historique - résultats
Vous n’avez pas pris ce quiz